| 000 | 00780nam a2200217 4500 | ||
|---|---|---|---|
| 001 | 123456 | ||
| 003 | ES-MaACL | ||
| 005 | 20250819173454.0 | ||
| 007 | t| | ||
| 008 | 070214s1956 sp r ||||1| spa d | ||
| 100 | 1 |
_aRaeymaeker, Louis de. _994948 |
|
| 245 | 1 | 0 |
_aFilosofía del Ser _b: ensayo de síntesis metafísica / _cLouis de Raeymaeker ; versión castellana de María Dolores Mouton y Valentín García Yebra. |
| 260 |
_aMadrid : _bGredos, _c1956. |
||
| 300 |
_a535 p. ; _c20 cm. |
||
| 490 | 1 | _aBiblioteca hispánica de Filosofía | |
| 700 | 1 |
_aMouton, María Dolores. _983931 |
|
| 700 | 1 |
_aGarcía Yebra, Valentín, _d1917-2010 _955453 |
|
| 830 | 0 |
_aBiblioteca hispánica de Filosofía _9181000 |
|
| 852 |
_aES-MaACL _jC-11518 _bR.39604 |
||
| 999 |
_c123456 _d123456 |
||